[Event "King's Gambit Round One"]
[Site "SchemingMind.com"]
[Date "2007.12.06"]
[Round "-"]
[White "rao"]
[Black "jhobeck"]
[Result "0-1"]
[WhiteCountry "INT"]
[BlackCountry "USA"]
[WhiteElo "1400"]
[WhiteRD "70"]
[BlackElo "1278"]
[BlackRD "72"]
[GameID "131822"]

1. e4 e5 2. f4 Bc5 3. d3 Nc6 4. Nf3 Qf6 5. g3 Nd4 6. c3 b6 7. cxd4 exd4 8. Ne5 d6 9. Nc6 Ne7 10. Qa4 Bd7
11. Na3 Bxc6 12. Qb3 O-O 13. Nb5 a6 14. Na3 Rae8 15. Qd1 Bb4+ 16. Bd2 a5 17. Nc4 d5 18. e5 Qf5 19. Bxb4 axb4 20. Nd2 Ra8
21. Nb3 Bb5 22. Be2 Qh3 23. Bg4 Qg2 24. Bf3 Qxb2 25. O-O Nf5
0-1

[Event "King's Gambit Round One"]
[Site "SchemingMind.com"]
[Date "2007.12.06"]
[Round "-"]
[White "cnbcad"]
[Black "rao"]
[Result "1-0"]
[WhiteCountry "USA"]
[BlackCountry "INT"]
[WhiteElo "1556"]
[WhiteRD "54"]
[BlackElo "1400"]
[BlackRD "70"]
[GameID "131823"]

1. e4 e5 2. f4 exf4 3. Nf3 Bc5 4. d4 Bb6 5. Bxf4 d5 6. e5 Nc6 7. c3 Bg4 8. Bb5 a6 9. Bxc6+ bxc6 10. Nbd2 h6
11. h3 Bh5 12. Qe2 Ne7 13. O-O Nf5 14. Qf2 Qd7 15. Rae1 O-O-O 16. e6 fxe6 17. Ne5 Qe8 18. g4 Nxd4 19. cxd4 Rf8 20. gxh5 Qxh5
21. Nxc6 Rd6 22. Ne7+ Kb7 23. Qg2 Bxd4+ 24. Kh1 Rb6 25. Be3
1-0

[Event "King's Gambit Round One"]
[Site "SchemingMind.com"]
[Date "2007.12.05"]
[Round "-"]
[White "Brerrabbit"]
[Black "rao"]
[Result "1-0"]
[WhiteCountry "SCO"]
[BlackCountry "INT"]
[WhiteElo "1371"]
[WhiteRD "67"]
[BlackElo "1400"]
[BlackRD "70"]
[GameID "131824"]

1. e4 e5 2. f4 Qh4+ 3. g3 Qf6 4. Nf3 exf4 5. g4 Bc5 6. d4 Bb6 7. Nc3 d6 8. Nd5 Qg6 9. e5 Qe4+ 10. Be2 Qxd5
11. Bxf4 dxe5 12. Bxe5 f6 13. Bf4 Bxg4 14. Rg1 Bxf3 15. Bxf3 Qxd4 16. Qxd4 Bxd4 17. Rxg7 Nd7 18. Bxb7 Rb8 19. Bc6 Ne7 20. Bxc7 Nxc6
21. Bxb8 Ndxb8 22. O-O-O Kf8 23. Rg4 Kf7 24. c3 Be3+ 25. Kc2 Ne5 26. Rb4 Nbc6 27. Re1 Bf4 28. Rxf4 a5 29. a4 Rg8 30. Kd2 Rg2+
31. Re2 Rg5 32. h4 Rg3 33. b4
1-0

[Event "King's Gambit Round One"]
[Site "SchemingMind.com"]
[Date "2007.12.04"]
[Round "-"]
[White "olivsan"]
[Black "rao"]
[Result "1-0"]
[WhiteCountry "BRA"]
[BlackCountry "INT"]
[WhiteElo "1541"]
[WhiteRD "76"]
[BlackElo "1400"]
[BlackRD "70"]
[GameID "131825"]

1. e4 e5 2. f4 Nc6 3. Nf3 exf4 4. Bc4 d6 5. O-O Nf6 6. d3 Nh5 7. Ng5 Qxg5 8. g3 Nxg3 9. Bxf4 Ne2+ 10. Kh1 Nxf4
11. Qf3 Bh3 12. Qg3 Qxg3 13. hxg3 Bxf1 14. gxf4 Nd4 15. Na3 Be2 16. Bb5+ Nxb5 17. Nxb5 O-O-O 18. Nxa7+ Kb8 19. Nb5 h5 20. Nc3 Bf3+
21. Kg1 g6 22. Kf2 Bg4 23. Rg1 f5 24. Nd5 fxe4 25. dxe4 Bh6 26. Ke3 Rhf8 27. Rf1 c6 28. Ne7 g5 29. Ng6 gxf4+ 30. Kf2 Rf6
31. Nh4
1-0

[Event "King's Gambit Round One"]
[Site "SchemingMind.com"]
[Date "2007.12.09"]
[Round "-"]
[White "pardesi"]
[Black "rao"]
[Result "1-0"]
[WhiteCountry "USA"]
[BlackCountry "INT"]
[WhiteElo "1573"]
[WhiteRD "63"]
[BlackElo "1400"]
[BlackRD "70"]
[GameID "131826"]

1. e4 e5 2. f4 d6 3. Nf3 exf4 4. d4 Nf6 5. Nc3 a6 6. Bc4 Bg4 7. Bxf4 Nc6 8. d5 Nb4 9. a3 Bxf3 10. gxf3 Nh5
11. Bg3 b5 12. Be2 Qg5 13. Rg1 Nxc2+ 14. Qxc2 Be7 15. h4 Qe3 16. Bf2 Qf4 17. Rg4 Qh2 18. O-O-O Qxf2 19. e5 Qe3+ 20. Rd2 g6
21. Kb1 Qxe5 22. Re4 Qg3 23. Rg4 Qe1+ 24. Rd1 Qf2 25. Bxb5+ axb5 26. Qxf2 O-O 27. Nxb5 Rfb8 28. Qe2 Bf6 29. Qc4 Ra5 30. a4 Rba8
31. b3 Be5 32. Qxc7 Nf4 33. Qe7 Rxb5 34. Rxf4
1-0

[Event "King's Gambit Round One"]
[Site "SchemingMind.com"]
[Date "2007.12.04"]
[Round "-"]
[White "cnile"]
[Black "rao"]
[Result "1-0"]
[WhiteCountry "SCO"]
[BlackCountry "INT"]
[WhiteElo "1418"]
[WhiteRD "71"]
[BlackElo "1400"]
[BlackRD "70"]
[GameID "131827"]

1. e4 e5 2. f4 exf4 3. Nf3 d5 4. exd5 Qxd5 5. Nc3 Qe6+ 6. Qe2 Qxe2+ 7. Bxe2 c6 8. d4 Bb4 9. Bxf4 Nf6 10. O-O-O Be6
11. Ne5 Bxc3 12. bxc3 Bxa2 13. c4 b5 14. Bf3 O-O 15. Nxc6 Nxc6 16. Bxc6 Rac8 17. Bxb5 Bxc4 18. Bxc4 Rxc4 19. Be5 Ne4 20. Rhe1 Nc3
21. Rd3 Rfc8 22. d5 Na2+ 23. Kd1 Rxc2 24. d6 Rc1+ 25. Ke2 Rd8 26. Kd2 Rxe1 27. Kxe1 f6 28. Bf4 Kf7 29. Bd2
1-0

[Event "King's Gambit Round One"]
[Site "SchemingMind.com"]
[Date "2007.12.06"]
[Round "-"]
[White "jhobeck"]
[Black "rao"]
[Result "1-0"]
[WhiteCountry "USA"]
[BlackCountry "INT"]
[WhiteElo "1278"]
[WhiteRD "72"]
[BlackElo "1400"]
[BlackRD "70"]
[GameID "131828"]

1. e4 e5 2. f4 Qh4+ 3. g3 Qf6 4. Qf3 Nc6 5. Nc3 exf4 6. Qxf4 Qxf4 7. gxf4 Bc5 8. Nf3 Nb4 9. Rb1 Nxc2+ 10. Kd1 Nd4
11. Bg2 c6 12. b4 Nxf3 13. bxc5 Nh4 14. Bh3 Nh6 15. d3 Nf3 16. Bg2 Nd4 17. Rb4 Ne6 18. f5 Nc7 19. Ba3 O-O 20. Rf1 Ng4
21. h3 Ne3+ 22. Kd2 Nxg2 23. e5 a5 24. Rg4 Re8 25. f6 g6 26. Rxg2
1-0

[Event "King's Gambit Round One"]
[Site "SchemingMind.com"]
[Date "2007.12.06"]
[Round "-"]
[White "mrbiggs"]
[Black "cnbcad"]
[Result "0-1"]
[WhiteCountry "USA"]
[BlackCountry "USA"]
[WhiteElo "1521"]
[WhiteRD "80"]
[BlackElo "1503"]
[BlackRD "58"]
[GameID "131840"]

1. e4 e5 2. f4 exf4 3. Nf3 Be7 4. Bc4 Bh4+ 5. Kf1 d6 6. d4 Bg4 7. Bxf4 Qf6 8. Be3 Ne7 9. Nc3 c6 10. e5 dxe5
11. dxe5 Qf5 12. e6 fxe6 13. Bf2 Bxf2 14. Kxf2 O-O 15. Rf1 Qc5+
0-1

[Event "King's Gambit Round One"]
[Site "SchemingMind.com"]
[Date "2007.12.04"]
[Round "-"]
[White "mrbiggs"]
[Black "Brerrabbit"]
[Result "0-1"]
[WhiteCountry "USA"]
[BlackCountry "SCO"]
[WhiteElo "1521"]
[WhiteRD "80"]
[BlackElo "1372"]
[BlackRD "74"]
[GameID "131841"]

1. e4 e5 2. f4 exf4 3. Nf3 Be7 4. Bc4 Nf6 5. Nc3 c6 6. e5 Ng4 7. h3 Bh4+ 8. Nxh4 Qxh4+ 9. Ke2 Qf2+ 10. Kd3 Nxe5+
11. Ke4 Nxc4
0-1

[Event "King's Gambit Round One"]
[Site "SchemingMind.com"]
[Date "2007.12.04"]
[Round "-"]
[White "mrbiggs"]
[Black "olivsan"]
[Result "1-0"]
[WhiteCountry "USA"]
[BlackCountry "BRA"]
[WhiteElo "1661"]
[WhiteRD "67"]
[BlackElo "1541"]
[BlackRD "76"]
[GameID "131842"]

1. e4 e5 2. f4 d5 3. exd5 Qxd5 4. Nc3 Qe6 5. fxe5 Qxe5+ 6. Be2 Bg4 7. d4 Qe7 8. Bf4 Bxe2 9. Ngxe2 Nf6 10. O-O Nc6
11. d5 Qc5+ 12. Kh1 O-O-O 13. Bg5 Be7 14. Nf4 a6 15. Qf3 Nd4 16. Qe3 Ng4 17. Qxe7 Qxe7 18. Bxe7 Nxc2 19. Bxd8 Nxa1 20. Bxc7 Kxc7
21. Rxa1 Re8 22. Kg1 Ne3 23. Re1 Kd7 24. Kf2 Ng4+ 25. Kg3 f5 26. Rxe8 Kxe8 27. Ne6 g6 28. h3 Ne3 29. Ng5 h6 30. Ne6 Ke7
31. Nc5 Nc4 32. b3 Na5 33. Nd3 b5 34. Nb4 Nb7 35. Nxa6 Nd6 36. Nc7 b4 37. N3b5 Nxb5 38. Nxb5 Kd7 39. Kf4 Ke7 40. Ke5 h5
41. Kd4 h4 42. Kc4 f4 43. Kxb4 Kf6 44. a4 Ke5 45. a5 Kxd5 46. a6 Kc6 47. a7 Kb7 48. Kc4 g5 49. Kd4 g4 50. hxg4 f3
51. gxf3 h3 52. Nd6+ Kxa7 53. Ne4 h2 54. Ng3 Kb6 55. f4
1-0

[Event "King's Gambit Round One"]
[Site "SchemingMind.com"]
[Date "2007.12.09"]
[Round "-"]
[White "mrbiggs"]
[Black "pardesi"]
[Result "1-0"]
[WhiteCountry "USA"]
[BlackCountry "USA"]
[WhiteElo "1594"]
[WhiteRD "73"]
[BlackElo "1514"]
[BlackRD "62"]
[GameID "131843"]

1. e4 e5 2. f4 exf4 3. Nf3 d6 4. h4 Be7 5. d4 Bg4 6. Bc4 Bxh4+ 7. Kf1 Bg3 8. Nc3 Nf6 9. e5 dxe5 10. Bxf7+ Kf8
11. dxe5 Qxd1+ 12. Nxd1 Kxf7 13. exf6 Kxf6 14. Nc3 c6 15. Ne4+ Ke7 16. Nxg3 fxg3 17. Bf4 Rf8 18. Bxg3 Bxf3 19. gxf3 Rxf3+ 20. Kg2 Rf5
21. Rxh7 Rf7 22. Be5 g6 23. Rh8 Rf8 24. Bd6+ Kxd6 25. Rxf8 Kc7 26. Raf1 b5 27. R1f7+ Kb6 28. Rg7
1-0

[Event "King's Gambit Round One"]
[Site "SchemingMind.com"]
[Date "2007.12.09"]
[Round "-"]
[White "mrbiggs"]
[Black "cnile"]
[Result "1-0"]
[WhiteCountry "USA"]
[BlackCountry "SCO"]
[WhiteElo "1594"]
[WhiteRD "73"]
[BlackElo "1345"]
[BlackRD "81"]
[GameID "131844"]

1. e4 e5 2. f4 Bc5 3. Nf3 Nc6 4. c3 d6 5. d4 exd4 6. cxd4 Nxd4 7. Nxd4 Nf6 8. Nc3 O-O 9. Bc4 Re8 10. Qd3 Bg4
11. O-O a5 12. Kh1 Qe7 13. Re1 Nxe4 14. Nxe4 Rad8 15. Bd2 Qd7 16. Bb3
1-0

[Event "King's Gambit Round One"]
[Site "SchemingMind.com"]
[Date "2007.12.05"]
[Round "-"]
[White "mrbiggs"]
[Black "rao"]
[Result "1-0"]
[WhiteCountry "USA"]
[BlackCountry "INT"]
[WhiteElo "1661"]
[WhiteRD "67"]
[BlackElo "1400"]
[BlackRD "70"]
[GameID "131845"]

1. e4 e5 2. f4 exf4 3. Nf3 Bc5 4. d4 Bb6 5. Bxf4 d6 6. Bc4 Nc6 7. O-O Bg4 8. Bxf7+ Kxf7 9. Ng5+ Ke8 10. Qxg4 Bxd4+
11. Kh1 Nf6 12. Qf5 Qe7 13. c3 Be5 14. Nd2 Bxf4 15. Qxf4 Qe5 16. Qh4 h6 17. Ngf3 Qh5 18. Qf4 Ne5 19. Nb3 Qg4 20. Nxe5 Qxf4
21. Rxf4 dxe5 22. Rff1 b6 23. Rad1 Rd8 24. Rxd8+ Kxd8 25. Nd2 Kc8 26. Re1 Rd8 27. Nf3 g5 28. h3 Re8 29. Kh2 Nh5 30. g3 Kd7
31. Rd1+ Kc6 32. Rd5 Kb7 33. Rxe5 Rf8 34. Rf5 Re8 35. e5 Ng7 36. Rf6 h5 37. Rg6 Ne6 38. Nxg5 Nc5 39. Rh6 Rxe5 40. Rxh5 Ne4
41. h4
1-0

[Event "King's Gambit Round One"]
[Site "SchemingMind.com"]
[Date "2007.12.06"]
[Round "-"]
[White "mrbiggs"]
[Black "jhobeck"]
[Result "0-1"]
[WhiteCountry "USA"]
[BlackCountry "USA"]
[WhiteElo "1594"]
[WhiteRD "73"]
[BlackElo "1282"]
[BlackRD "71"]
[GameID "131846"]

1. e4 e5 2. f4 Bc5 3. Nf3 d6 4. Nc3 Nf6 5. Bc4 Nc6 6. d3 Bg4 7. Na4 O-O 8. Nxc5 exf4 9. Bxf4 dxc5 10. h3 Bd7
11. O-O Nd4 12. Nxd4 Qe7 13. Nf3 Rae8 14. Bxc7 b5 15. Bb3 Be6 16. Bf4 c4 17. dxc4 bxc4 18. Ba4 Rd8 19. Qe2 Qc5+ 20. Kh1 Qh5
21. Ne5 Qxe2
0-1

[Event "King's Gambit Round One"]
[Site "SchemingMind.com"]
[Date "2007.12.06"]
[Round "-"]
[White "cnbcad"]
[Black "mrbiggs"]
[Result "0-1"]
[WhiteCountry "USA"]
[BlackCountry "USA"]
[WhiteElo "1503"]
[WhiteRD "59"]
[BlackElo "1594"]
[BlackRD "73"]
[GameID "131847"]

1. e4 e5 2. f4 exf4 3. Nf3 Bc5 4. d4 Be7 5. Bxf4 Nf6 6. e5 Nd5 7. Bg3 d6 8. Bc4 Be6 9. Bf2 O-O 10. h4 Nf4
11. Bf1 Nd5 12. c3 Nc6 13. Nbd2 dxe5 14. Nxe5 Nxe5 15. dxe5 f6 16. exf6 Rxf6 17. Qc2 Rxf2 18. Kxf2 Bxh4+ 19. g3 Qf6+ 20. Nf3 Bg4
21. Be2 Rf8 22. Qe4 Qb6+ 23. Kg2 Ne3+ 24. Kh2 Nf5 25. gxh4 Qf2#
0-1

[Event "King's Gambit Round One"]
[Site "SchemingMind.com"]
[Date "2007.12.04"]
[Round "-"]
[White "Brerrabbit"]
[Black "mrbiggs"]
[Result "0-1"]
[WhiteCountry "SCO"]
[BlackCountry "USA"]
[WhiteElo "1282"]
[WhiteRD "68"]
[BlackElo "1594"]
[BlackRD "73"]
[GameID "131848"]

1. e4 e5 2. f4 exf4 3. Nf3 d6 4. d3 g5 5. Nc3 g4 6. Nd4 Qh4+ 7. Kd2 Qf2+ 8. Qe2 Qxd4 9. Nd5 Bh6 10. Ke1 f3
11. gxf3 Bxc1 12. Rxc1 Na6 13. c3 Qa4 14. a3 c6 15. Nf4 gxf3 16. Qxf3 Ne7 17. d4 Be6 18. d5 Bd7 19. Be2 O-O-O 20. Rg1 Qb3
21. Nd3 Rdf8 22. c4 cxd5 23. cxd5+ Kb8 24. Rc3 Qb6 25. Rg3 Bb5 26. e5 Bxd3 27. Qxd3 dxe5 28. b4 Qd6 29. b5 Nc5 30. Qe3 Rc8
31. Qf2 Ne4 32. Qxf7 Nxc3 33. Bg4 Rce8 34. Rxc3 Qxd5 35. Qf2 Qe4+ 36. Be2 Nd5 37. Rc4 Qb1+ 38. Bd1 Rc8 39. Re4 Qxe4+ 40. Kf1 Rhf8
0-1

[Event "King's Gambit Round One"]
[Site "SchemingMind.com"]
[Date "2007.12.04"]
[Round "-"]
[White "olivsan"]
[Black "mrbiggs"]
[Result "0-1"]
[WhiteCountry "BRA"]
[BlackCountry "USA"]
[WhiteElo "1541"]
[WhiteRD "76"]
[BlackElo "1661"]
[BlackRD "67"]
[GameID "131849"]

1. e4 e5 2. f4 exf4 3. Nf3 d6 4. d4 g5 5. h4 g4 6. Ng5 f6 7. Nxh7 Rxh7 8. Bxf4 f5 9. Qd3 Ne7 10. Nc3 Nbc6
11. a3 Ng6 12. g3 Nxf4 13. gxf4 Rxh4 14. Rxh4 Qxh4+ 15. Kd2 Bh6 16. Nd5 Qh2+ 17. Qe2 Bxf4+ 18. Nxf4 Qxf4+ 19. Qe3 Qxe3+ 20. Kxe3 Bd7
21. Bd3 fxe4 22. Bxe4 O-O-O 23. Rg1 Re8 24. Rf1 Rg8 25. Bd5 Rg7 26. Rf8+ Nd8 27. Rf2 Bc6 28. Bxc6 Nxc6 29. d5 Ne7 30. Ke4 g3
31. Rg2 Rg5 32. c4 Kd7 33. Kf4 Rg7 34. Ke4 c6 35. b4 cxd5+ 36. cxd5 Rg5 37. Kf4 Rxd5 38. Rxg3 Rd4+ 39. Kg5 Kc6 40. Rc3+ Kd7
41. Kf6 Nd5+ 42. Kf5 Nxc3
0-1

[Event "King's Gambit Round One"]
[Site "SchemingMind.com"]
[Date "2007.12.09"]
[Round "-"]
[White "pardesi"]
[Black "mrbiggs"]
[Result "0-1"]
[WhiteCountry "USA"]
[BlackCountry "USA"]
[WhiteElo "1514"]
[WhiteRD "62"]
[BlackElo "1594"]
[BlackRD "73"]
[GameID "131850"]

1. e4 e5 2. f4 exf4 3. Bc4 Qh4+ 4. Kf1 Nf6 5. Nf3 Qh5 6. Nc3 Bd6 7. d4 Bb4 8. Bxf4 Bxc3 9. bxc3 d6 10. e5 dxe5
11. dxe5 Nfd7 12. Qd2 Nb6 13. Bb3 O-O 14. Rd1 Nc6 15. h3 Be6 16. Kg1 Rad8 17. Qe2 Na5 18. Nd4 Qxe2 19. Nxe2 Rxd1+ 20. Kh2 Rxh1+
21. Kxh1 Nxb3 22. axb3 Nd5 23. Bg3 Rd8 24. c4 Nb4 25. c3 Nd3
0-1

[Event "King's Gambit Round One"]
[Site "SchemingMind.com"]
[Date "2007.12.04"]
[Round "-"]
[White "cnile"]
[Black "mrbiggs"]
[Result "0-1"]
[WhiteCountry "SCO"]
[BlackCountry "USA"]
[WhiteElo "1380"]
[WhiteRD "85"]
[BlackElo "1521"]
[BlackRD "80"]
[GameID "131851"]

1. e4 e5 2. f4 d6 3. Nf3 Nf6 4. fxe5 dxe5 5. Nxe5 Nxe4 6. Qe2 Qh4+ 7. g3 Nxg3 8. Qb5+ c6 9. Nxc6 Nxh1+ 10. Kd1 Bg4+
11. Be2 Nf2+ 12. Ke1 Nd3+ 13. Kd1 Qe1#
0-1

[Event "King's Gambit Round One"]
[Site "SchemingMind.com"]
[Date "2007.12.05"]
[Round "-"]
[White "rao"]
[Black "mrbiggs"]
[Result "0-1"]
[WhiteCountry "INT"]
[BlackCountry "USA"]
[WhiteElo "1400"]
[WhiteRD "70"]
[BlackElo "1661"]
[BlackRD "67"]
[GameID "131852"]

1. e4 e5 2. f4 d6 3. f5 Qh4+ 4. g3 Qxe4+ 5. Qe2 Qxh1 6. Qg2 Qxg2 7. Bxg2 Nf6 8. h3 Bxf5 9. Bxb7 Bxc2 10. Bxa8 c6
11. Nc3 Be7 12. b3 Bd3 13. Bb2 O-O 14. Nf3 Rc8 15. Kf2 Ba6 16. b4 Nbd7 17. b5 Bxb5 18. Bb7 Rb8 19. Bxc6 Bxc6 20. Nd1 Ba4
21. Bc3 Nd5 22. Ne3 Nxc3 23. dxc3 Rb2+ 24. Ke1 Nc5 25. Nd5 Bd8 26. Nb4 a5 27. Nd5 Nd3+ 28. Kf1 Rf2+ 29. Kg1 Rxf3 30. Kg2 Rf2+
31. Kg1 Bf6 32. Nxf6+ Rxf6 33. Rb1 Kf8 34. c4 Rf2 35. Rb8+ Ke7 36. Rb7+ Ke6 37. Ra7 Rxa2 38. Rxa5 Bb3 39. Rxa2 Bxa2 40. Kf1 Bxc4
0-1

[Event "King's Gambit Round One"]
[Site "SchemingMind.com"]
[Date "2007.12.06"]
[Round "-"]
[White "jhobeck"]
[Black "mrbiggs"]
[Result "0-1"]
[WhiteCountry "USA"]
[BlackCountry "USA"]
[WhiteElo "1282"]
[WhiteRD "71"]
[BlackElo "1594"]
[BlackRD "73"]
[GameID "131853"]

1. e4 e5 2. f4 exf4 3. Nf3 d6 4. d4 g5 5. h4 g4 6. Ng1 Qf6 7. Nc3 Bd7 8. Bc4 Ne7 9. Nge2 Nbc6 10. Nxf4 O-O-O
11. Nh5 Qg6 12. Ng3 Na5 13. h5 Qg7 14. Bd3 Nac6 15. Bf4 Nxd4 16. Rh4 Rg8 17. Rxg4 Bxg4 18. Qd2 Qf6 19. Nb5 Nxb5 20. Bxb5 Qxb2
21. Qc1 Qxb5 22. Qe3 Nc6 23. Rd1 Bxd1
0-1

[Event "King's Gambit Round One"]
[Site "SchemingMind.com"]
[Date "2007.12.06"]
[Round "-"]
[White "Dr_Pat"]
[Black "cnbcad"]
[Result "1-0"]
[WhiteCountry "USA"]
[BlackCountry "USA"]
[WhiteElo "1722"]
[WhiteRD "54"]
[BlackElo "1503"]
[BlackRD "59"]
[GameID "131861"]

1. e4 e5 2. f4 exf4 3. Nf3 Be7 4. Bc4 Bh4+ 5. Kf1 d5 6. Bxd5 Bg4 7. Bxb7 Nd7 8. Bxa8 Qxa8 9. Nc3 Ngf6 10. d4 O-O
11. Qd3 Bxf3 12. Qxf3 c5 13. d5 Bg5 14. Bxf4 Bxf4 15. Qxf4 a5 16. Kf2 Re8 17. Rhe1 Ne5 18. Kg1 Qa7 19. Nb5 Qb6 20. a4 Nfg4
21. h3 c4+ 22. Kh1 Nf6 23. Qe3 Qd8 24. d6 Qb8 25. Qc3 Ned7 26. e5 Nd5 27. Qxc4 N5b6 28. Qe4 Nxe5 29. Nc7 f6 30. Nxe8 Qxe8
31. Qb7
1-0

[Event "King's Gambit Round One"]
[Site "SchemingMind.com"]
[Date "2007.12.04"]
[Round "-"]
[White "Dr_Pat"]
[Black "Brerrabbit"]
[Result "1-0"]
[WhiteCountry "USA"]
[BlackCountry "SCO"]
[WhiteElo "1615"]
[WhiteRD "55"]
[BlackElo "1372"]
[BlackRD "74"]
[GameID "131862"]

1. e4 e5 2. f4 exf4 3. Nf3 Be7 4. Bc4 Nf6 5. e5 Ne4 6. Nc3 Bh4+ 7. Kf1 Nf2 8. Qe1 Nxh1 9. Nxh4 Nc6 10. Kg1 Qe7
11. Kxh1 Nxe5 12. Nd5 Qd6 13. Nf5 Qf6 14. Nxf6+
1-0

[Event "King's Gambit Round One"]
[Site "SchemingMind.com"]
[Date "2007.12.04"]
[Round "-"]
[White "Dr_Pat"]
[Black "olivsan"]
[Result "1-0"]
[WhiteCountry "USA"]
[BlackCountry "BRA"]
[WhiteElo "1615"]
[WhiteRD "55"]
[BlackElo "1546"]
[BlackRD "90"]
[GameID "131863"]

1. e4 e5 2. f4 d5 3. exd5 c6 4. Nf3 Bd6 5. fxe5 Bc5 6. d4 Bb4+ 7. c3 Ba5 8. d6 Bg4 9. Bd3 Nd7 10. O-O Qb6
11. Nbd2 Nxe5 12. Qe1 Nf6 13. Nxe5 O-O 14. Rxf6 gxf6 15. Nxg4 Qd8 16. Qg3 Kg7 17. Nxf6+ Kxf6 18. Qe5#
1-0

[Event "King's Gambit Round One"]
[Site "SchemingMind.com"]
[Date "2007.12.09"]
[Round "-"]
[White "Dr_Pat"]
[Black "pardesi"]
[Result "1-0"]
[WhiteCountry "USA"]
[BlackCountry "USA"]
[WhiteElo "1543"]
[WhiteRD "50"]
[BlackElo "1449"]
[BlackRD "76"]
[GameID "131864"]

1. e4 e5 2. f4 exf4 3. Nf3 d6 4. d4 g5 5. h3 Bg7 6. g3 Qf6 7. Nc3 Nc6 8. Nd5 Qd8 9. gxf4 gxf4 10. Bxf4 Nxd4
11. Nxd4 Qh4+ 12. Ke2 Kd8 13. Nf3 Qh5 14. Nxc7 Qc5 15. Bxd6 Qxc7 16. Bxc7+ Kxc7 17. c3 Be6 18. Rg1 Rd8 19. Nd4 Ne7 20. Rxg7
1-0

[Event "King's Gambit Round One"]
[Site "SchemingMind.com"]
[Date "2007.12.09"]
[Round "-"]
[White "Dr_Pat"]
[Black "cnile"]
[Result "1-0"]
[WhiteCountry "USA"]
[BlackCountry "SCO"]
[WhiteElo "1615"]
[WhiteRD "55"]
[BlackElo "1380"]
[BlackRD "85"]
[GameID "131865"]

1. e4 e5 2. f4 Bc5 3. Nf3 d6 4. c3 Nc6 5. d4 exd4 6. cxd4 Bb4+ 7. Nc3 Nf6 8. Bd3 Bg4 9. d5 Nd4 10. Qa4+ Bd7
11. Qxb4 Nxf3+ 12. gxf3 O-O 13. Qxb7 Nh5 14. O-O Qh4 15. Ne2 Bh3 16. Rf2 Nxf4 17. Nxf4 Qg5+ 18. Kh1 Rab8 19. Qxc7 Rfc8 20. Nxh3
1-0

[Event "King's Gambit Round One"]
[Site "SchemingMind.com"]
[Date "2007.12.05"]
[Round "-"]
[White "Dr_Pat"]
[Black "rao"]
[Result "1-0"]
[WhiteCountry "USA"]
[BlackCountry "INT"]
[WhiteElo "1543"]
[WhiteRD "50"]
[BlackElo "1564"]
[BlackRD "67"]
[GameID "131866"]

1. e4 e5 2. f4 exf4 3. Nf3 Bc5 4. d4 Bb6 5. Nc3 Qf6 6. Nd5 Qe6 7. Bc4 Qxe4+ 8. Kf2 Qf5 9. Re1+ Kf8 10. Re5 Qg6
11. Qe1 f6 12. Re2 Nc6 13. Nxf4 Qh6 14. Re8#
1-0

[Event "King's Gambit Round One"]
[Site "SchemingMind.com"]
[Date "2007.12.06"]
[Round "-"]
[White "Dr_Pat"]
[Black "jhobeck"]
[Result "1-0"]
[WhiteCountry "USA"]
[BlackCountry "USA"]
[WhiteElo "1615"]
[WhiteRD "55"]
[BlackElo "1303"]
[BlackRD "74"]
[GameID "131867"]

1. e4 e5 2. f4 Bc5 3. Nf3 d6 4. c3 Bg4 5. d4 exd4 6. cxd4 Bb6 7. Be3 d5 8. h3 Be6 9. Bb5+ c6 10. exd5 Bxd5
11. Bd3 Ne7 12. Nc3 O-O 13. O-O Qd6 14. Ne5 Nf5 15. Bxf5 Bc4 16. Nxc4 Nd7 17. Nxd6 Nf6 18. Qd3
1-0

[Event "King's Gambit Round One"]
[Site "SchemingMind.com"]
[Date "2007.12.06"]
[Round "-"]
[White "cnbcad"]
[Black "Dr_Pat"]
[Result "0-1"]
[WhiteCountry "USA"]
[BlackCountry "USA"]
[WhiteElo "1503"]
[WhiteRD "58"]
[BlackElo "1615"]
[BlackRD "55"]
[GameID "131869"]

1. e4 e5 2. f4 exf4 3. Nf3 g5 4. h4 g4 5. Nd4 d6 6. Nf5 Bxf5 7. exf5 Qe7+ 8. Qe2 Nc6 9. Qxe7+ Bxe7 10. Bb5 O-O-O
11. Bxc6 bxc6 12. d3 Re8 13. Bd2 Bf6+ 14. Kd1 Bxb2 15. Bc3 Bxa1 16. Bxh8 Bxh8 17. Nd2 Nh6 18. Rf1 Nxf5 19. Rxf4 Ne3+ 20. Kc1 Nxg2
21. Rxg4 Re1#
0-1

[Event "King's Gambit Round One"]
[Site "SchemingMind.com"]
[Date "2007.12.04"]
[Round "-"]
[White "Brerrabbit"]
[Black "Dr_Pat"]
[Result "0-1"]
[WhiteCountry "SCO"]
[BlackCountry "USA"]
[WhiteElo "1372"]
[WhiteRD "74"]
[BlackElo "1615"]
[BlackRD "55"]
[GameID "131870"]

1. e4 e5 2. f4 exf4 3. Nf3 g5 4. Ne5 Qe7 5. d4 d6 6. Ng4 Qxe4+ 7. Qe2 Qe7 8. Nc3 Bxg4 9. Nd5 Bxe2 10. Nxe7 Bxf1
11. Rxf1 Bxe7 12. Bd2 Nc6 13. Rd1 Nf6 14. Bc3 Ne4 15. d5 Nxc3 16. bxc3 Ne5 17. g3 Ng4 18. gxf4 Ne3
0-1

[Event "King's Gambit Round One"]
[Site "SchemingMind.com"]
[Date "2007.12.04"]
[Round "-"]
[White "olivsan"]
[Black "Dr_Pat"]
[Result "0-1"]
[WhiteCountry "BRA"]
[BlackCountry "USA"]
[WhiteElo "1546"]
[WhiteRD "90"]
[BlackElo "1615"]
[BlackRD "55"]
[GameID "131871"]

1. e4 e5 2. f4 exf4 3. Nf3 g5 4. h4 g4 5. Ne5 Nf6 6. d3 d6 7. Nc4 Nh5 8. Be2 Rg8 9. Nc3 Nc6 10. a3 Nd4
11. Nd5 Bh6 12. g3 Nxg3 13. Rg1 Qxh4 14. Nxc7+ Kd8 15. Nd5 Ngxe2+ 16. Kd2 Nf3+ 17. Kxe2 Qh2+
0-1

[Event "King's Gambit Round One"]
[Site "SchemingMind.com"]
[Date "2007.12.09"]
[Round "-"]
[White "pardesi"]
[Black "Dr_Pat"]
[Result "0-1"]
[WhiteCountry "USA"]
[BlackCountry "USA"]
[WhiteElo "1449"]
[WhiteRD "76"]
[BlackElo "1543"]
[BlackRD "50"]
[GameID "131872"]

1. e4 e5 2. f4 exf4 3. Bc4 Nf6 4. Nc3 c6 5. d4 d5 6. exd5 cxd5 7. Bb3 Bd6 8. Nf3 O-O 9. O-O Be6 10. Ne5 Nc6
11. Bxf4 Rc8 12. Kh1 a6 13. Nxc6 bxc6 14. Bg5 Be7 15. Qd3 h6 16. Bh4 Ra8 17. Rae1 Re8 18. Nd1 Ne4 19. Qe3 Bxh4 20. g3 Bg5
21. Qf3 Nd2
0-1

[Event "King's Gambit Round One"]
[Site "SchemingMind.com"]
[Date "2007.12.04"]
[Round "-"]
[White "cnile"]
[Black "Dr_Pat"]
[Result "0-1"]
[WhiteCountry "SCO"]
[BlackCountry "USA"]
[WhiteElo "1380"]
[WhiteRD "85"]
[BlackElo "1615"]
[BlackRD "55"]
[GameID "131873"]

1. e4 e5 2. f4 exf4 3. Nf3 g5 4. h4 g4 5. Ne5 Nf6 6. Bc4 Qe7 7. d4 d6 8. Nd3 d5 9. O-O dxc4 10. Ne5 f3
11. Bg5 h6 12. gxf3 hxg5 13. Nc3 Rxh4 14. fxg4 Nc6 15. Nd5 Nxe5 16. Nxe7 Bxg4 17. Qd2 Nf3+ 18. Rxf3 Bxf3 19. Qxg5 Rh1+ 20. Kf2 Nxe4+
21. Kxf3 Nxg5+
0-1

[Event "King's Gambit Round One"]
[Site "SchemingMind.com"]
[Date "2007.12.05"]
[Round "-"]
[White "rao"]
[Black "Dr_Pat"]
[Result "0-1"]
[WhiteCountry "INT"]
[BlackCountry "USA"]
[WhiteElo "1564"]
[WhiteRD "67"]
[BlackElo "1543"]
[BlackRD "50"]
[GameID "131874"]

1. e4 e5 2. f4 exf4 3. d3 Qh4+ 4. Ke2 Nf6 5. Nf3 Qg4 6. Qe1 d5 7. h3 Qg6 8. e5 Nh5 9. Kd1 Nc6 10. d4 Be7
11. Qf2 Bf5 12. Bb5 O-O 13. Bxc6 bxc6 14. Nc3 Rad8 15. Ne1 c5 16. Bxf4 cxd4 17. Qxd4 Nxf4 18. Qxf4 d4 19. Na4 Bg5 20. Qf3 d3
21. c4 d2 22. Nc3 Rfe8 23. Nc2 Bxc2+ 24. Ke2 Rxe5+ 25. Kf1 Rf5 26. h4 Rxf3+ 27. gxf3 Be3 28. Nd1 Bd3#
0-1